000 00326nam a2200133Ia 4500
008 240624s9999 xx 000 0 und d
041 _aeng
082 _a823 SHE
100 _aSHELDON SIDNEY
245 _aWINDMILLS OF THE GODS
260 _c2006
_aNew Delhi
_bHarper Collins Publishers
300 _a319 : p.
365 _cRS
_b20
999 _c4166
_d4166